| 000 | 01060nam a22003617a 4500 | ||
|---|---|---|---|
| 001 | 0070195 | ||
| 003 | KOHA_MİRAKIL | ||
| 005 | 20260207004915.0 | ||
| 007 | ta | ||
| 008 | 231218b2011 tu |||gr||||#0|||0|tur | | ||
| 020 | _a9789756240274 | ||
| 040 |
_aTR-BiSEU _btur _cTR-BiSEU _erda |
||
| 041 | 0 | _atur | |
| 044 | _ctu | ||
| 050 |
_aRC902 _b.B63 2011 |
||
| 245 | 0 |
_aBöbrek hastalıkları/ _ceditör Arthur Greenberg; çeviri editörleri Alper Soylu, Salih Kavukçu. |
|
| 250 | _a4. basım | ||
| 264 | 1 |
_aİzmir : _bGüven Bilimsel Yayınları _c2011 |
|
| 300 | _aXVII, 586 sayfa: tablo, resimli; 28 cm. | ||
| 336 |
_ametin _btxt _2rdacontent |
||
| 337 |
_aaracısız _bn _2rdamedia |
||
| 338 |
_acilt _bnc _2rdacarrier |
||
| 490 | 0 | _a | |
| 500 | _aKaynakça bölüm sonlarındadır. | ||
| 500 | _aDizin var. | ||
| 650 | 0 |
_aBöbrek Hastalıkları. _9136101 |
|
| 650 | 0 |
_aİç Hastalıkları. _983049 |
|
| 650 | 0 |
_aKidney Diseases. _9136105 |
|
| 650 | 0 |
_aInternal diseases. _988581 |
|
| 830 | 0 |
_a _91620 |
|
| 907 | _aTıp | ||
| 942 |
_2lcc _cBK |
||
| 999 |
_c70943 _d70943 |
||